00720nam a2200181 a 450000100100000000500170001000800410002702000150006804000250008308200080010824501560011626000290027230000280030170000440032970000400037395201080041399900170052100003962520201002033640.0130712s2002 sp a 000 0 spa d a8483064839 aDO-SdBNPbspacBNPHU axxx00aCuba :bAmanecer del tercer milenio : ciencia, sociedad y tecnología /ccoordinador-editor Fidel Castro Díaz-Balart ; prólogo Concepción Campa. aMadrid :bDebate,c2002. a414 p. :bil. ;c22 cm.1 aCastro Díaz-Balart, Fideleed.9658011 aCampa, Concepciónepról.965802 001050718MOaGRbGRcCTd2013-07-12iLF1l0oxxx p39625-10r2020-06-25w2020-06-25y1ZNo se presta c39115d39115